Qualitative research practice : a guide for social science students and researchers /

Bibliographic Details
Other Authors: Ritchie, Jane, 1944- (Editor), Lewis, Jane, 1962- (Editor), McNaughton Nicholls, Carol (Editor), Ormston, Rachel (Editor)
Format: Book
Language:English
Published: Los Angeles : SAGE Publications, 2013.
Edition:Second edition.
Subjects:

MARC

Tag First Indicator Second Indicator Subfields
LEADER 00000cam a2200000Ia 4500
001 in00003454713
005 20151206092258.0
008 130723s2013 cau 001 0 eng d
020 |a 9781446209110 (hbk.) 
020 |a 1446209113 (hbk.) 
020 |a 1446209121 (pbk.) 
020 |a 9781446209127 (pbk.) 
035 |a (OCoLC)ocn858825421 
040 |a UKM  |c UKM  |d YDX  |d CDX  |d UtOrBLW 
049 |a TXAM 
050 4 |a H62  |b .Q35457 2013 
082 0 |a 300.72  |2 23 
245 0 0 |a Qualitative research practice :  |b a guide for social science students and researchers /  |c [edited by] Jane Ritchie, Jane Lewis, Carol McNaughton Nicholls, Rachel Ormston. 
250 |a Second edition. 
264 1 |a Los Angeles :  |b SAGE Publications,  |c 2013. 
300 |a xxiv, 430 pages :  |b illustrations ;  |c 24 cm. 
336 |a text  |b txt  |2 rdacontent 
337 |a unmediated  |b n  |2 rdamedia 
338 |a volume  |b nc  |2 rdacarrier 
500 |a Previous edition: 2003. 
504 |a Includes bibliographical references (pages 401-420) and index. 
650 0 |a Social sciences  |x Research. 
650 0 |a Qualitative research. 
700 1 |a Ritchie, Jane,  |d 1944-  |e editor. 
700 1 |a Lewis, Jane,  |d 1962-  |e editor. 
700 1 |a McNaughton Nicholls, Carol,  |e editor. 
700 1 |a Ormston, Rachel,  |e editor. 
945 |a PromptCat  |b 661533 
946 |a stk 
947 |a A14840706075 
948 |a cataloged  |b h  |c 2014/3/10  |d c  |e dmitchel  |f 2:44:18 pm 
994 |a 92  |b TXA 
999 |a MARS 
999 f f |s 4bf5f0b2-be51-3949-b0dc-e2ebc748bd66  |i fa8971f6-824d-3fdf-84ae-79847aa8141b  |t 0 
952 f f |p normal  |a Texas A&M University  |b College Station  |c Sterling C. Evans Library  |d Evans: Library Stacks  |t 0  |e H62 .Q35457 2013  |h Library of Congress classification  |i unmediated -- volume  |m A14840706075 
998 f f |a H62 .Q35457 2013  |t 0  |l Evans: Library Stacks